000 00294 a2200073 4500
245 0 _aWażniejsze dokumenty I Komisji Stydiów CCIR opracowane w związki z X Sesją Zgromadzenia Ogólnego CCIR /
_cEbert J..
710 2 _aInstytut Łączności.
_eWydawca
_4pbl
260 _aWarszawa :
_bIŁ,
_c1962.
300 _aV,43 s.;
_c34 cm.
999 _c16865
_d16865